| 000 | 01245nam a2200361 a 4500 | ||
|---|---|---|---|
| 999 |
_c23175 _d23175 |
||
| 003 | BLK | ||
| 005 | 20250610084735.0 | ||
| 008 | 180413b bul|||||r ||||||| ||bul|| | ||
| 010 | _aKNG00025648000 | ||
| 020 | _a954-8047-64-0 | ||
| 040 | _aBLK | ||
| 041 |
_aBUL _cBUL |
||
| 080 |
_aБългарска литература _b821.163.2 _x-4 _z821.163.2-4 |
||
| 080 |
_aБългарска литература _b821.163.2 _x-4 _z821.163.2-4 |
||
| 100 |
_aЦанев, Стефан Неделчев _d1936- _gПисател, поет, драматург. _9364639 |
||
| 139 |
_aЦанев, Стефан Неделчев _bЦ 16 |
||
| 245 | 1 | 0 |
_aВнимавайте с вятърните мелници _bЕсета и притчи _cСтефан Цанев. |
| 257 | _aBGR | ||
| 260 |
_aСофия _bБибл. 48 _c1999 |
||
| 300 |
_a160 с. _c20 см |
||
| 380 | _aX | ||
| 852 | _aЦб 199250 | ||
| 852 | _aК 821.163.2/Ц 47 С | ||
| 856 | 4 |
_qpdf _u _i3.50 _ldisable |
|
| 856 | 4 |
_qpdf _u _i0.00 _ldisable |
|
| 942 |
_cKNG _n0 _03 _s1 |
||
| 944 |
_aCR _c15.01.2003 _k30542 _lРусанова Ирена |
||
| 944 |
_aED _c16.05.2015 _kВиолета_Тройчева |
||
| 999 | _d23175 | ||
| 999 | _d23175 | ||
| 999 | _d23175 | ||
| 999 | _d23175 | ||